| 000 | 00617nam a2200193 i 4500 | ||
|---|---|---|---|
| 001 | 107560 | ||
| 003 | ES-MaACL | ||
| 005 | 20231218204646.0 | ||
| 007 | t| | ||
| 008 | 061121s1935 sp r ||||1| spa d | ||
| 080 | _a37.04-053.2 | ||
| 100 | 1 |
_aMorros Sardá, Julia, _d1902-1983 _983699 |
|
| 245 | 1 | 3 |
_aEl crecimiento en la edad escolar : _bdatos comparativos de niños y niñas leoneses / _cJulia Morros Sardá. |
| 260 |
_aMadrid : _b[s.n], _c1935 ( _fImp. S. Aguirre) |
||
| 300 |
_a207 p. : _bil. ; _c24 cm. |
||
| 650 | 4 |
_aNiños- _xCrecimiento. _9148833 |
|
| 852 | 4 |
_aES-MaACL _jA-3796 |
|
| 999 |
_c107560 _d107560 |
||